000 00616nam a2200229Ia 4500
003 OSt
005 20221007072826.0
006 a|||||r|||| 00| 0
007 ta
008 221006b |||||||| |||| 00| 0 eng d
024 _a9,939
037 _cReference Collections
040 _aFLL
_cFLL
_beng
041 _2eng
_aeng
100 _aCopinger Au.
_9691436
245 0 _aCopyright
260 _aLondon
_bSweet and Maxwell India
_c1994
300 _axlvii,474p
_ccm.
700 _a James Skone Au.
_9690826
942 _cREF
_2CC
999 _c1147047
_d1147047